000 00796cab a2200217 4500
001 ABS40066
008 090401t1988 xxu||||| |||| 00| 0 eng d
035 _a(Sirsi) u21174
041 _aeng
100 _aPowell-Smith, V.
245 _aLack of certainty must be avoided
260 _c1988
350 _a0
490 _aContract Journal
_v346(5693) 24 November 1988, 7(1)
520 _aDiscusses the many problems which can arise when there is no contract for a construction project despite the wide range of standard forms available.
650 _aBRITISH STEEL CORPORATION V CLEVELAND BRIDGE AND ENGINEERING CO LTD
650 _aSAUTER AUTOMATION LTD V HC GOODMAN MECHANICAL SERVICES LTD
690 _aBUILT ENVIRONMENT-BUILDING CONTRACT FORMS
942 _n0
948 _c04/03/1997
999 _c14212
_d14212